Najpopularniejsze marki papierosów - Statystyki

Ogólne statystyki
  • Ten quiz został rozwiązany 4 064 razy
  • Średni wynik to 7 z 14
Statystyki odpowiedzi
Miejsce Odpowiedź % Poprawnych
2 L&M
89%
5 Camel
82%
1 Marlboro
77%
6 Winston
77%
3 Chesterfield
72%
8 Lucky Strike
49%
9 Rothmans
46%
4 P&S
44%
7 Pall Mall
41%
13 Black Devil
32%
11 West
28%
12 Mocne
21%
14 Vogue
19%
10 Viceroy
16%
Nie znaleziono quizów pasujących do podanych kryteriów
Rozkład punktacji
Procent ludzi z każdym wynikiem
Percentyl według liczby udzielonych odpowiedzi
Twoja historia wyników
Nie rozwiązałeś tego quizu